000 00498nam a2200181Ia 4500
008 230917s9999||||xx |||||||||||||| ||und||
020 _cRS695
040 _e249047
_aMAIN
041 _aEnglish
082 _a657.48 T958F(2)
100 _aTyagi, C L
245 0 _aFinancial and management accounting
250 _a2nd ed.
260 _aNew Delhi
_bAtcantic Publishers
_c2017
300 _avi, 570 p.
500 _a3201 26/07/2018 APD18/1080231 01/08/2018 IMSAR (Dev. & Research)
942 _cBK
999 _c27554
_d27554